AutoCAD 2002
Salvato in:
| Autori principali: | , , |
|---|---|
| Natura: | Libro |
| Lingua: | inglese |
| Pubblicazione: |
Ciudad de México
Pearson Educación
2002
|
| Soggetti: | |
| Tags: |
Aggiungi Tag
Nessun Tag, puoi essere il primo ad aggiungerne!!
|
MARC
| LEADER | 00000nam a2200000 a 4500 | ||
|---|---|---|---|
| 001 | UCM3111 | ||
| 003 | CL-VaPUC | ||
| 008 | 020628e20020000MX |||||||||||||||||eng|d | ||
| 082 | 0 | 4 | |a 005.133 |b HAR |2 21 |
| 100 | 0 | |a Harrington, David |e author |9 469824 | |
| 700 | 0 | |a Burchard, Bill |e author |9 469825 | |
| 700 | 0 | |a Pitzer, David |e author |9 469826 | |
| 245 | 1 | 0 | |a AutoCAD 2002 |
| 300 | |a 1224 p | ||
| 942 | |c BK | ||
| 945 | |d 20020628 00:00:00 |a vberengu | ||
| 260 | |a Ciudad de México |b Pearson Educación |c 2002 | ||
| 500 | |a Incluye cd | ||
| 650 | 0 | |a AutoCAD |9 410021 | |
| 650 | 7 | |a DIBUJO EN INGENIERIA |2 CL-VaPUC |9 469827 | |
| 650 | 0 | |a Dibujo arquitectónico |9 266673 | |
| 650 | 7 | |a DISEÑO ASISTIDO POR COMPUTADOR |2 CL-VaPUC |9 469828 | |
| 583 | |a last modification |c 20020628 00:00:00 |k Rodrigo Vera | ||
| 999 | |c 300609 |d 300607 | ||